| 000 | 00529nam a2200181Ia 4500 | ||
|---|---|---|---|
| 003 | GCL | ||
| 008 | 140319s9999 xx 000 0 ara d | ||
| 040 |
_aGCL / _cGCL |
||
| 082 | 0 | 4 |
_a230 _bم م |
| 100 | 1 | _aمحمد عجاج الخطيب | |
| 245 | 1 | 0 |
_aالمختصر الوجيز فى علوم الحديث / _cمحمد عجاج الخطيب |
| 300 | _a310 ص | ||
| 490 | _a | ||
| 650 | 0 | 4 | _aالحديث، علوم |
| 650 | 0 | 4 | _aالحديث - جمع وتدوين |
| 650 | 0 | 4 | _aالحديث - مصطلح |
| 942 |
_2ddc _cBK |
||
| 999 |
_c38905 _d38905 |
||